Devine ce joueur grâce a sa carrière - Statistiques

Statistiques générales
  • Ce quiz a été pris 3 672 fois
  • Le résultat moyen est 6 sur 15
Statistiques - réponses
Hint Réponse % Correct
Vitoria - Benfica - Chelsea - PSG - Chelsea - Arsenal - Flamengo David Luiz
80%
Bayern Munich - Dortmund - Bayern Munich - Dortmund Mats Hummels
69%
Vitoria - Kawasaki Frontale - Consadole Sapporo - Tokyo Verdy - Porto - Zenith - Shangai SIPG - Atlético Mineiro Hulk
63%
River Plate - Porto - Atlético de Madrid - Monaco - Manchester City - Chelsea - Galatasaray - Rayo Vallecano Radamel Falcao
60%
Monaco II - Monaco - Nice - Marseille - Montpellier Valère Germain
54%
De Graafschap - Twente - Monchengladbach - Newcastle - PSV Eindhoven - Séville FC - Barcelone Luuk De Jong
44%
Ajax - PSG - Fernerbahçe - Cagliari - Toronto Gregory van der Wiel
33%
Strasbourg - Southampton - Manchester United - Everton - Nice Morgan Schneiderlin
33%
Hellas Vérone - AC Sambonifasece - Naples - Chelsea Jorginho
29%
Admira Wacker Mödling - Rapid Vienne - RB Leipzig - RB Salzbourg - Bayern Munich Marcel Sabitzer
29%
FC Bâle - FC Vaduz - Grasshopper - Monchengladbach Yann Sommer
28%
Atlético de Madrid B - Atlético de Madrid - Deportivo Alaves - Real Madrid - Real Sociedad - AC Milan Théo Hernandez
24%
Feyenoord Rotterdam - PSV Eindhoven - Newcastle - Liverpool - PSG Georginio Wijnaldum
15%
River Plate - Monaco - Marseille - Genoa - AC Milan - Séville FC Lucas Ocampos
15%
FC Istres - Stade de Reims - KV Ostende - LOSC Lille - Girondins de Bordeaux - FC Metz Nicolas de Préville
15%
Aucun quiz correspondant
Distribution des résultats
% des personnes avec chaque résultat
Percentile par nombre de réponses
Votre historique - résultats
Vous n’avez pas pris ce quiz